[Event "Top 12 2021"]
[Site "Chalons en Champagne, France"]
[Date "????.??.??"]
[Round "6.4"]
[White "Savina, Anastasia VAN"]
[Black "Wirig, Anthony GRA"]
[Result "0-1"]
[WhiteElo "2333"]
[BlackElo "2500"]

1. d4 {[%clk 01:30:57]} {[%emt 00:00:02]} Nf6 {[%clk 01:30:13]} {[%emt
00:00:47]} 2. c4 {[%clk 01:31:20]} {[%emt 00:00:06]} e6 {[%clk 01:30:09]}
{[%emt 00:00:34]} 3. Nc3 {[%clk 01:31:19]} {[%emt 00:00:32]} Bb4 {[%clk
01:30:00]} {[%emt 00:00:39]} 4. e3 {[%clk 01:31:31]} {[%emt 00:00:19]} c5
{[%clk 01:29:00]} {[%emt 00:01:29]} 5. Bd3 {[%clk 01:26:58]} {[%emt 00:05:04]}
Nc6 {[%clk 01:28:26]} {[%emt 00:01:03]} 6. Nge2 {[%clk 01:27:09]} {[%emt
00:00:20]} cxd4 {[%clk 01:25:35]} {[%emt 00:03:20]} 7. exd4 {[%clk 01:27:19]}
{[%emt 00:00:20]} d5 {[%clk 01:25:49]} {[%emt 00:00:16]} 8. cxd5 {[%clk
01:27:19]} {[%emt 00:00:30]} Nxd5 {[%clk 01:25:38]} {[%emt 00:00:40]} 9. O-O
{[%clk 01:27:30]} {[%emt 00:00:19]} O-O {[%clk 01:25:28]} {[%emt 00:00:40]} 10.
Nxd5 {[%clk 01:27:12]} {[%emt 00:00:48]} exd5 {[%clk 01:25:39]} {[%emt
00:00:19]} 11. Be3 {[%clk 01:24:20]} {[%emt 00:03:23]} Bd6 {[%clk 01:19:14]}
{[%emt 00:06:54]} 12. Nf4 {[%clk 01:11:10]} {[%emt 00:13:41]} Re8 {[%clk
01:15:34]} {[%emt 00:04:10]} 13. Qh5 {[%clk 00:59:36]} {[%emt 00:12:04]} g6
{[%clk 01:08:57]} {[%emt 00:07:06]} 14. Qf3 {[%clk 00:57:50]} {[%emt 00:02:16]}
Qh4 {[%clk 01:07:01]} {[%emt 00:02:26]} 15. g3 {[%clk 00:19:51]} {[%emt
00:38:30]} Qf6 {[%clk 00:52:37]} {[%emt 00:14:53]} 16. Qxd5 {[%clk 00:19:18]}
{[%emt 00:01:04]} Bg4 {[%clk 00:45:13]} {[%emt 00:07:53]} 17. h3 {[%clk
00:12:27]} {[%emt 00:07:22]} Nb4 {[%clk 00:37:33]} {[%emt 00:08:10]} 18. Qb3
{[%clk 00:12:23]} {[%emt 00:00:34]} Bxf4 {[%clk 00:15:53]} {[%emt 00:22:10]} 19.
hxg4 {[%clk 00:09:47]} {[%emt 00:03:06]} Nxd3 {[%clk 00:14:57]} {[%emt
00:01:26]} 20. Qxd3 {[%clk 00:10:02]} {[%emt 00:00:15]} Bxe3 {[%emt 00:00:34]}
21. fxe3 {[%clk 00:10:30]} {[%emt 00:00:02]} Qe6 {[%clk 00:15:10]} {[%emt
00:00:13]} 22. Rf3 {[%clk 00:07:29]} {[%emt 00:03:31]} Qxg4 {[%clk 00:14:25]}
{[%emt 00:01:15]} 23. Kg2 {[%clk 00:07:50]} {[%emt 00:00:10]} Rad8 {[%clk
00:10:17]} {[%emt 00:04:37]} 24. Rc1 {[%clk 00:04:52]} {[%emt 00:03:29]} Rd7
{[%clk 00:09:12]} {[%emt 00:01:35]} 25. Rc5 {[%clk 00:02:01]} {[%emt 00:03:20]}
h5 {[%clk 00:04:10]} {[%emt 00:05:32]} 26. Rf4 {[%clk 00:00:36]} {[%emt
00:01:55]} Qe6 {[%clk 00:04:37]} {[%emt 00:00:03]} 27. Qb5 {[%clk 00:00:35]}
{[%emt 00:00:32]} a6 {[%clk 00:04:36]} {[%emt 00:00:31]} 28. Qa4 {[%clk
00:00:37]} {[%emt 00:00:28]} b5 {[%clk 00:04:30]} {[%emt 00:00:36]} 29. Qa3
{[%clk 00:00:36]} {[%emt 00:00:32]} Qxe3 {[%clk 00:04:23]} {[%emt 00:00:36]} 30.
Qxe3 {[%clk 00:00:51]} {[%emt 00:00:15]} Rxe3 {[%clk 00:04:50]} {[%emt
00:00:02]} 31. Rc6 {[%clk 00:01:05]} {[%emt 00:00:16]} Re2+ {[%clk 00:04:42]}
{[%emt 00:00:37]} 32. Kf3 {[%clk 00:01:00]} {[%emt 00:00:35]} Rde7 {[%clk
00:03:26]} {[%emt 00:01:47]} 33. Rff6 {[%clk 00:00:36]} {[%emt 00:00:54]} g5
{[%clk 00:02:12]} {[%emt 00:01:44]} 34. Rc3 {[%clk 00:00:37]} {[%emt 00:00:30]}
Kg7 {[%clk 00:00:56]} {[%emt 00:01:46]} 35. Rxa6 {[%clk 00:00:34]} {[%emt
00:00:33]} g4+ {[%clk 00:00:50]} {[%emt 00:00:36]} 36. Kf4 {[%clk 00:01:00]}
{[%emt 00:00:03]} f6 {[%clk 00:01:08]} {[%emt 00:00:11]} 0-1

[Event "Top 12 2021"]
[Site "Chalons en Champagne, France"]
[Date "????.??.??"]
[Round "6.42"]
[White "Grandelius, Nils CHA"]
[Black "Duboue, Peio ERD"]
[Result "1-0"]
[WhiteElo "2670"]
[BlackElo "2412"]

1. d4 {[%clk 01:30:02]} {[%emt 00:00:57]} d6 {[%clk 01:30:55]} {[%emt
00:00:06]} 2. g3 {[%clk 01:28:10]} {[%emt 00:02:22]} e5 {[%clk 01:31:19]}
{[%emt 00:00:06]} 3. dxe5 {[%clk 01:27:27]} {[%emt 00:01:13]} dxe5 {[%clk
01:31:45]} {[%emt 00:00:04]} 4. Qxd8+ {[%clk 01:27:49]} {[%emt 00:00:09]} Kxd8
{[%clk 01:32:14]} {[%emt 00:00:02]} 5. Nc3 {[%clk 01:27:58]} {[%emt 00:00:21]}
Nf6 {[%clk 01:32:38]} {[%emt 00:00:06]} 6. Bg5 {[%clk 01:23:28]} {[%emt
00:05:00]} c6 {[%clk 01:22:16]} {[%emt 00:10:51]} 7. Nf3 {[%clk 01:10:31]}
{[%emt 00:13:27]} Nbd7 {[%clk 01:20:13]} {[%emt 00:02:33]} 8. Bh3 {[%clk
01:01:29]} {[%emt 00:09:32]} Kc7 {[%clk 01:19:04]} {[%emt 00:01:39]} 9. Bxf6
{[%clk 00:53:09]} {[%emt 00:08:51]} gxf6 {[%clk 01:18:34]} {[%emt 00:00:59]} 10.
a3 {[%clk 00:51:38]} {[%emt 00:02:01]} b5 {[%clk 01:09:39]} {[%emt 00:09:25]}
11. O-O {[%clk 00:48:44]} {[%emt 00:03:23]} a5 {[%clk 01:08:33]} {[%emt
00:01:36]} 12. Nh4 {[%clk 00:44:56]} {[%emt 00:04:19]} Nb6 {[%clk 00:59:44]}
{[%emt 00:09:18]} 13. Bxc8 {[%clk 00:44:02]} {[%emt 00:01:24]} Rxc8 {[%clk
01:00:04]} {[%emt 00:00:10]} 14. Ne4 {[%clk 00:36:57]} {[%emt 00:07:35]} a4
{[%emt 00:09:00]} 15. Rfd1 {[%clk 00:30:41]} {[%emt 00:06:40]} Nc4 {[%clk
00:49:10]} {[%emt 00:03:00]} 16. Rab1 {[%clk 00:28:43]} {[%emt 00:02:28]} Nd6
{[%clk 00:44:26]} {[%emt 00:05:15]} 17. Nxd6 {[%clk 00:26:29]} {[%emt
00:02:43]} Bxd6 {[%clk 00:44:52]} {[%emt 00:00:04]} 18. Kf1 {[%clk 00:26:38]}
{[%emt 00:00:20]} Rhd8 {[%clk 00:43:21]} {[%emt 00:02:01]} 19. e3 {[%clk
00:25:42]} {[%emt 00:01:26]} Rb8 {[%clk 00:34:41]} {[%emt 00:09:10]} 20. Nf5
{[%clk 00:22:29]} {[%emt 00:03:43]} Bf8 {[%clk 00:32:51]} {[%emt 00:02:20]} 21.
Rxd8 {[%clk 00:20:56]} {[%emt 00:02:02]} Rxd8 {[%clk 00:32:40]} {[%emt
00:00:42]} 22. Ke2 {[%clk 00:21:20]} {[%emt 00:00:06]} Kb6 {[%clk 00:28:51]}
{[%emt 00:04:19]} 23. g4 {[%clk 00:19:52]} {[%emt 00:01:59]} Kc5 {[%clk
00:25:20]} {[%emt 00:04:01]} 24. h4 {[%clk 00:18:14]} {[%emt 00:02:08]} Kc4
{[%clk 00:24:42]} {[%emt 00:01:08]} 25. Ng3 {[%clk 00:17:05]} {[%emt 00:01:39]}
Bxa3 {[%clk 00:21:29]} {[%emt 00:03:43]} 26. bxa3 {[%clk 00:16:45]} {[%emt
00:00:50]} Kc3 {[%clk 00:21:54]} {[%emt 00:00:04]} 27. Rd1 {[%clk 00:12:43]}
{[%emt 00:04:31]} Ra8 {[%emt 00:09:07]} 28. Ne4+ {[%clk 00:11:55]} {[%emt
00:00:43]} Kxc2 {[%clk 00:12:58]} {[%emt 00:01:26]} 29. Rd2+ {[%clk 00:11:20]}
{[%emt 00:01:04]} Kb3 {[%clk 00:12:27]} {[%emt 00:01:02]} 30. Rd3+ {[%clk
00:11:42]} {[%emt 00:00:07]} Kb2 {[%clk 00:12:46]} {[%emt 00:00:11]} 31. Kd2
{[%clk 00:08:18]} {[%emt 00:03:54]} Rc8 {[%clk 00:08:30]} {[%emt 00:04:47]} 32.
Nc5 {[%emt 00:01:31]} e4 {[%clk 00:08:34]} {[%emt 00:00:26]} 33. Nxe4 {[%clk
00:07:08]} {[%emt 00:00:38]} c5 {[%clk 00:08:17]} {[%emt 00:00:47]} 34. Nc3
{[%clk 00:06:40]} {[%emt 00:00:58]} Kxa3 {[%clk 00:06:29]} {[%emt 00:02:19]} 35.
Nxb5+ {[%clk 00:07:01]} {[%emt 00:00:09]} Kb2 {[%clk 00:06:48]} {[%emt
00:00:11]} 36. Nd6 {[%clk 00:05:24]} {[%emt 00:02:06]} 1-0